Comite de Expertos de la OMS en especificaciones para las preparaciones farmaceuticas. (Registro nro. 1859)

Detalles MARC
000 -LEADER
fixed length control field 00957nam a2200277 a 4500
003 - CONTROL NUMBER IDENTIFIER
control field OSt
005 - FECHA ULTIMA MODIFICACION
control field 20131022172429.0
008 - FIXED-LENGTH DATA ELEMENTS--GENERAL INFORMATION
fixed length control field 131022s1999 sz ||||| |||| 00| 0 spa d
020 ## - INTERNATIONAL STANDARD BOOK NUMBER
International Standard Book Number 92-4-320885-3
040 ## - CATALOGING SOURCE
Transcribing agency Biblioteca Medicina
041 ## - LANGUAGE CODE
Language code of text/sound track or separate title spa
082 ## - DEWEY DECIMAL CLASSIFICATION NUMBER
Item number OMS IT 885
110 ## - MAIN ENTRY--CORPORATE NAME
Corporate name or jurisdiction name as entry element Organizacion Mundial de la Salud
9 (RLIN) 1006
245 00 - TITLE STATEMENT
Title Comite de Expertos de la OMS en especificaciones para las preparaciones farmaceuticas.
Remainder of title 35º Informe
250 ## - EDITION STATEMENT
Edition statement 1º ed.
260 ## - PUBLICATION, DISTRIBUTION, ETC. (IMPRINT)
Place of publication, distribution, etc Ginebra
Name of publisher, distributor, etc Organizacion Mundial de la Salud
Date of publication, distribution, etc 1999
300 ## - PHYSICAL DESCRIPTION
Extent 168 p.
440 00 - SERIES STATEMENT/ADDED ENTRY--TITLE
Title Informes Tecnicos
Number of part/section of a work 885
9 (RLIN) 2778
653 ## - INDEX TERM--UNCONTROLLED
Uncontrolled term PREPARACIONES FARMACEUTICAS-NORMAS
653 ## - INDEX TERM--UNCONTROLLED
Uncontrolled term INDUSTRIA FARMACEUTICA
653 ## - INDEX TERM--UNCONTROLLED
Uncontrolled term CONTROL DE CALIDAD
653 ## - INDEX TERM--UNCONTROLLED
Uncontrolled term CONTROL DE MEDICAMENTOS Y NARCOTICOS-NORMAS
653 ## - INDEX TERM--UNCONTROLLED
Uncontrolled term LEGISLACION DE MEDICAMENTOS
942 ## - ADDED ENTRY ELEMENTS (KOHA)
Source of classification or shelving scheme Dewey Decimal Classification
Koha item type Hemeroteca
Existencias
Withdrawn status Lost status Fuente de clasificación Damaged status Not for loan Colección Ubicación permanente Ubicación actual Sala de ubicación Fecha de adquisición Total Checkouts Número de clasificación Código de barras Date last seen Número de ejemplar Price effective from Koha tipo de elemento (item)
    Dewey Decimal Classification     Non-fiction Biblioteca Medicina Biblioteca Medicina Circulación 22/10/2013   OMS IT 885 H0103 06/11/2014 Ej. 1 22/10/2013 Hemeroteca

UNIVERSIDAD NACIONAL DEL COMAHUE
Biblioteca de la Facultad de Ciencias Médicas
Sede Toschi: Los Arrayanes y Av. Toschi, Cipolletti  - Rio Negro
Sede Los Tordos:  Yrigoyen al 2211, Cipolletti - Rio Negro 

Teléfono: 0299 - 4774707 int 25
Contacto: biblioteca@facimed.uncoma.edu.ar
© 2011 - 2026